<?xml version="1.0" encoding="UTF-8"?>
<record
    xmlns:xsi="http://www.w3.org/2001/XMLSchema-instance"
    xsi:schemaLocation="http://www.loc.gov/MARC21/slim http://www.loc.gov/standards/marcxml/schema/MARC21slim.xsd"
    xmlns="http://www.loc.gov/MARC21/slim">

  <leader>00708nam a22001577a 4500</leader>
  <controlfield tag="003">OSt</controlfield>
  <controlfield tag="005">20151009093259.0</controlfield>
  <controlfield tag="008">151009b        xxu||||| |||| 00| 0 eng d</controlfield>
  <datafield tag="040" ind1=" " ind2=" ">
    <subfield code="c">RUA</subfield>
  </datafield>
  <datafield tag="082" ind1=" " ind2=" ">
    <subfield code="a">AVM CHE 2008 B070 OR.1</subfield>
  </datafield>
  <datafield tag="100" ind1=" " ind2=" ">
    <subfield code="9">2416</subfield>
    <subfield code="a">CHEAM, VANNA.</subfield>
  </datafield>
  <datafield tag="245" ind1=" " ind2=" ">
    <subfield code="a">THE STUDY OF BUFFALO RAISING IN CHOUNG OUNG COMMUNE TEUK PHOSE DISTRICT, KAMPONG CHHNANG PROVINCE, &#x1780;&#x17B6;&#x17C1;&#x179F;&#x17B7;&#x1780;&#x17D2;&#x179F;&#x17B6;&#x1796;&#x17B8;&#x1780;&#x17B6;&#x179A;&#x1785;&#x17B7;&#x1789;&#x17D2;&#x1785;&#x17B9;&#x1798;&#x1780;&#x17D2;&#x179A;&#x1794;&#x17B8; &#x1787;&#x17B6;&#x179B;&#x1780;&#x17D2;&#x1781;&#x178E;&#x17C8;&#x1782;&#x17D2;&#x179A;&#x17BD;&#x179F;&#x17B6;&#x179A; &#x1793;&#x17C5;&#x1783;&#x17BB;&#x17C6;&#x1785;&#x17C4;&#x1798;&#x1798;&#x17C4;&#x1784; &#x179F;&#x17D2;&#x179A;&#x17BB;&#x1780;&#x1791;&#x17B9;&#x1780;&#x1795;&#x17BB;&#x179F; &#x1781;&#x17C1;&#x178F;&#x17D2;&#x178F;&#x1780;&#x17C6;&#x1796;&#x1784;&#x17CB;&#x1786;&#x17D2;&#x1793;&#x17B6;&#x17C6;&#x1784;. </subfield>
  </datafield>
  <datafield tag="260" ind1=" " ind2=" ">
    <subfield code="a">phnom phen </subfield>
    <subfield code="b">RUA</subfield>
    <subfield code="c">2008</subfield>
  </datafield>
  <datafield tag="300" ind1=" " ind2=" ">
    <subfield code="a">VIII,52p.</subfield>
    <subfield code="b">ILL.</subfield>
    <subfield code="c">29CM.</subfield>
  </datafield>
  <datafield tag="942" ind1=" " ind2=" ">
    <subfield code="2">ddc</subfield>
    <subfield code="c">AVM</subfield>
  </datafield>
  <datafield tag="999" ind1=" " ind2=" ">
    <subfield code="c">2273</subfield>
    <subfield code="d">2273</subfield>
  </datafield>
  <datafield tag="952" ind1=" " ind2=" ">
    <subfield code="0">0</subfield>
    <subfield code="1">0</subfield>
    <subfield code="2">ddc</subfield>
    <subfield code="4">0</subfield>
    <subfield code="6">AVM_CHE_2008_000000000000000_B082_OR_1</subfield>
    <subfield code="7">0</subfield>
    <subfield code="9">9597</subfield>
    <subfield code="a">LBB</subfield>
    <subfield code="b">LBB</subfield>
    <subfield code="c">B082</subfield>
    <subfield code="d">2015-10-09</subfield>
    <subfield code="o">AVM CHE 2008 B082 Or.1</subfield>
    <subfield code="p">RUA025558</subfield>
    <subfield code="r">2015-10-09</subfield>
    <subfield code="w">2015-10-09</subfield>
    <subfield code="y">AVM</subfield>
  </datafield>
  <datafield tag="952" ind1=" " ind2=" ">
    <subfield code="0">0</subfield>
    <subfield code="1">0</subfield>
    <subfield code="2">ddc</subfield>
    <subfield code="4">0</subfield>
    <subfield code="6">AVM_CHE_2008_000000000000000_B082_OR_2</subfield>
    <subfield code="7">0</subfield>
    <subfield code="9">9598</subfield>
    <subfield code="a">LBB</subfield>
    <subfield code="b">LBB</subfield>
    <subfield code="c">B082</subfield>
    <subfield code="d">2015-10-09</subfield>
    <subfield code="o">AVM CHE 2008 B082 Or.2</subfield>
    <subfield code="p">RUA025183</subfield>
    <subfield code="r">2015-10-09</subfield>
    <subfield code="w">2015-10-09</subfield>
    <subfield code="y">AVM</subfield>
  </datafield>
  <datafield tag="952" ind1=" " ind2=" ">
    <subfield code="0">0</subfield>
    <subfield code="1">0</subfield>
    <subfield code="2">ddc</subfield>
    <subfield code="4">0</subfield>
    <subfield code="6">AVM_CHE_2008_000000000000000_B082_OR_3</subfield>
    <subfield code="7">0</subfield>
    <subfield code="9">9599</subfield>
    <subfield code="a">LBB</subfield>
    <subfield code="b">LBB</subfield>
    <subfield code="c">B082</subfield>
    <subfield code="d">2015-10-09</subfield>
    <subfield code="o">AVM CHE 2008 B082 Or.3</subfield>
    <subfield code="p">RUA025039</subfield>
    <subfield code="r">2015-10-09</subfield>
    <subfield code="w">2015-10-09</subfield>
    <subfield code="y">AVM</subfield>
  </datafield>
  <datafield tag="952" ind1=" " ind2=" ">
    <subfield code="0">0</subfield>
    <subfield code="1">0</subfield>
    <subfield code="2">ddc</subfield>
    <subfield code="4">0</subfield>
    <subfield code="6">AVM_CHE_2008_000000000000000_B082_OR_4</subfield>
    <subfield code="7">0</subfield>
    <subfield code="9">9600</subfield>
    <subfield code="a">LBB</subfield>
    <subfield code="b">LBB</subfield>
    <subfield code="c">B082</subfield>
    <subfield code="d">2015-10-09</subfield>
    <subfield code="o">AVM CHE 2008 B082 Or.4</subfield>
    <subfield code="p">RUA025187</subfield>
    <subfield code="r">2015-10-09</subfield>
    <subfield code="w">2015-10-09</subfield>
    <subfield code="y">AVM</subfield>
  </datafield>
  <datafield tag="952" ind1=" " ind2=" ">
    <subfield code="0">0</subfield>
    <subfield code="1">0</subfield>
    <subfield code="2">ddc</subfield>
    <subfield code="4">0</subfield>
    <subfield code="6">AVM_CHE_2008_000000000000000_B082_OR_5</subfield>
    <subfield code="7">0</subfield>
    <subfield code="9">9601</subfield>
    <subfield code="a">LBB</subfield>
    <subfield code="b">LBB</subfield>
    <subfield code="c">B082</subfield>
    <subfield code="d">2015-10-09</subfield>
    <subfield code="o">AVM CHE 2008 B082 Or.5</subfield>
    <subfield code="p">RUA009350</subfield>
    <subfield code="r">2015-10-09</subfield>
    <subfield code="w">2015-10-09</subfield>
    <subfield code="y">AVM</subfield>
  </datafield>
  <datafield tag="952" ind1=" " ind2=" ">
    <subfield code="0">0</subfield>
    <subfield code="1">0</subfield>
    <subfield code="2">ddc</subfield>
    <subfield code="4">0</subfield>
    <subfield code="6">AVM_CHE_2008_000000000000000_B082_OR_6</subfield>
    <subfield code="7">0</subfield>
    <subfield code="9">9602</subfield>
    <subfield code="a">LBB</subfield>
    <subfield code="b">LBB</subfield>
    <subfield code="c">B082</subfield>
    <subfield code="d">2015-10-09</subfield>
    <subfield code="o">AVM CHE 2008 B082 Or.6</subfield>
    <subfield code="p">RUA010117</subfield>
    <subfield code="r">2015-10-09</subfield>
    <subfield code="w">2015-10-09</subfield>
    <subfield code="y">AVM</subfield>
  </datafield>
  <datafield tag="952" ind1=" " ind2=" ">
    <subfield code="0">0</subfield>
    <subfield code="1">0</subfield>
    <subfield code="2">ddc</subfield>
    <subfield code="4">0</subfield>
    <subfield code="6">AVM_CHE_2008_000000000000000_B082_OR_7</subfield>
    <subfield code="7">0</subfield>
    <subfield code="9">9699</subfield>
    <subfield code="a">LBB</subfield>
    <subfield code="b">LBB</subfield>
    <subfield code="c">B082</subfield>
    <subfield code="d">2015-10-09</subfield>
    <subfield code="o">AVM CHE 2008 B082 Or.7</subfield>
    <subfield code="p">RUA007935</subfield>
    <subfield code="r">2015-10-09</subfield>
    <subfield code="w">2015-10-09</subfield>
    <subfield code="y">AVM</subfield>
  </datafield>
  <datafield tag="952" ind1=" " ind2=" ">
    <subfield code="0">0</subfield>
    <subfield code="1">0</subfield>
    <subfield code="2">ddc</subfield>
    <subfield code="4">0</subfield>
    <subfield code="6">AVM_CHE_2008_000000000000000_B082_OR_8</subfield>
    <subfield code="7">0</subfield>
    <subfield code="9">9700</subfield>
    <subfield code="a">LBB</subfield>
    <subfield code="b">LBB</subfield>
    <subfield code="c">B082</subfield>
    <subfield code="d">2015-10-09</subfield>
    <subfield code="o">AVM CHE 2008 B082 Or.8</subfield>
    <subfield code="p">RUA007959</subfield>
    <subfield code="r">2015-10-09</subfield>
    <subfield code="w">2015-10-09</subfield>
    <subfield code="y">AVM</subfield>
  </datafield>
  <datafield tag="952" ind1=" " ind2=" ">
    <subfield code="0">0</subfield>
    <subfield code="1">0</subfield>
    <subfield code="2">ddc</subfield>
    <subfield code="4">0</subfield>
    <subfield code="6">AVM_CHE_2008_000000000000000_B082_OR_9</subfield>
    <subfield code="7">0</subfield>
    <subfield code="9">9701</subfield>
    <subfield code="a">LBB</subfield>
    <subfield code="b">LBB</subfield>
    <subfield code="c">B082</subfield>
    <subfield code="d">2015-10-09</subfield>
    <subfield code="o">AVM CHE 2008 B082 Or.9</subfield>
    <subfield code="p">RUA008645</subfield>
    <subfield code="r">2015-10-09</subfield>
    <subfield code="w">2015-10-09</subfield>
    <subfield code="y">AVM</subfield>
  </datafield>
  <datafield tag="952" ind1=" " ind2=" ">
    <subfield code="0">0</subfield>
    <subfield code="1">0</subfield>
    <subfield code="2">ddc</subfield>
    <subfield code="4">0</subfield>
    <subfield code="6">AVM_CHE_2008_000000000000000_B070_OR_10</subfield>
    <subfield code="7">0</subfield>
    <subfield code="9">36972</subfield>
    <subfield code="a">LBB</subfield>
    <subfield code="b">LBB</subfield>
    <subfield code="c">B082</subfield>
    <subfield code="d">2016-02-03</subfield>
    <subfield code="o">AVM CHE 2008 B070 Or.10</subfield>
    <subfield code="p">RUA051341</subfield>
    <subfield code="r">2016-02-03</subfield>
    <subfield code="w">2016-02-03</subfield>
    <subfield code="y">AVM</subfield>
  </datafield>
</record>
